000 00966cam a22002655a 4500
001 2579280
005 20171218101832.0
008 960430t1996 gw a frb 000 0 eng d
020 _a3540613048
020 _a9783540613046
040 _aDLC
_cDLC
_dDLC
_dEG-ScBUE
_beng
082 0 0 _a347.09
_222
_bRYL
100 1 _aRyll, Wolfgang,
_d1965-
245 1 0 _aLitigation and settlement in a game with incomplete information :
_ban experimental study /
_cWolfgang Ryll.
260 _aBerlin ;
_aNew York :
_bSpringer,
_cc.1996.
300 _aviii, 174 p. :
_bill. ;
_c24 cm.
490 0 _aLecture notes in economics and mathematical systems ;
_v440
504 _aIncludes bibliographical references.
650 7 _aDispute resolution (Law)
_xPsychological aspects.
_2BUEsh
650 7 _aCompromise (Law)
_xPsychological aspects.
_2BUEsh
650 7 _aActions and defenses
_xPsychological aspects.
_2BUEsh
651 _2BUEsh
653 _bGGEN
_cDecember2017
942 _2ddc
999 _c25720
_d25692